Sporcle Trio Grab Bag III Quiz Stats

 Plays Quiz Updated Feb 13, 2015

Challenge
Share
Tweet
Embed
Score 0/45 Timer 06:00
8 Plays Today
Hint Answer % Correct
Miscellaneous
US Auto Big Three
Ford
83.9%
Language
Present tense forms of 'to be'
is
79%
Language
Present tense forms of 'to be'
are
77.7%
Language
Present tense forms of 'to be'
am
73.8%
Entertainment
'Peanuts' Van Pelt Siblings
Linus
72.3%
Miscellaneous
US Auto Big Three
General Motors
71.6%
Entertainment
'Peanuts' Van Pelt Siblings
Lucy
69.9%
History
George W. Bush's 'Axis of Evil'
Iran
63.2%
History
George W. Bush's 'Axis of Evil'
Iraq
63%
Movies
'Back to the Future' Years Visited
2015
59.4%
Miscellaneous
US Auto Big Three
Chrysler
55.3%
Just For Fun
The 3 Men in a Tub
Baker
53.6%
Just For Fun
The 3 Men in a Tub
Candlestick Maker
53%
Movies
'Back to the Future' Years Visited
1955
52.6%
Science
Methods of Heat Transfer
Convection
51.6%
Just For Fun
The 3 Men in a Tub
Butcher
50.9%
Music
'Day the Music Died' Musicians
Buddy Holly
48.8%
Literature
The 3 Musketeers
Porthos
48.4%
Science
Methods of Heat Transfer
Conduction
47%
Literature
The 3 Musketeers
Athos
44%
Science
Methods of Heat Transfer
Radiation
42.3%
Literature
The 3 Musketeers
Aramis
39.7%
Television
Powerpuff Girls
Buttercup
39.5%
Hint Answer % Correct
Television
Powerpuff Girls
Bubbles
37.5%
Geography
Rivers in Pittsburgh
Ohio
37.4%
Music
'Day the Music Died' Musicians
The Big Bopper
37.1%
History
George W. Bush's 'Axis of Evil'
North Korea
36.7%
Religion
Christian Theological Virtues
Charity
36%
Television
Powerpuff Girls
Blossom
34.1%
Music
'Day the Music Died' Musicians
Ritchie Valens
33%
Movies
'Back to the Future' Years Visited
1885
32.3%
Religion
Christian Theological Virtues
Faith
30.1%
Holiday
Names of the 3 Wise Men
Balthazar
29.1%
Religion
Christian Theological Virtues
Hope
27.7%
Geography
Rivers in Pittsburgh
Allegheny
24.3%
Holiday
Names of the 3 Wise Men
Melchior
22.1%
Holiday
Names of the 3 Wise Men
Caspar
16.8%
Sports
1910 Cubs Double Play Parts
Joe Tinker
16.3%
Sports
1910 Cubs Double Play Parts
Frank Chance
16.2%
Entertainment
'Peanuts' Van Pelt Siblings
Rerun
15.6%
Geography
Rivers in Pittsburgh
Monongahela
15.6%
Sports
1910 Cubs Double Play Parts
Johnny Evers
15.3%
Gaming
Parts of the Zelda Triforce
Wisdom
13%
Gaming
Parts of the Zelda Triforce
Power
13%
Gaming
Parts of the Zelda Triforce
Courage
12.8%

You're not logged in!

Compare scores with friends on all Sporcle quizzes.
Join for Free
OR
Log In

You Might Also Like...

Show Comments

Extras

Top Quizzes Today


Score Distribution

Your Account Isn't Verified!

In order to create a playlist on Sporcle, you need to verify the email address you used during registration. Go to your Sporcle Settings to finish the process.

Report this User

Report this user for behavior that violates our Community Guidelines.

Details: